|
|
|
|
| LEADER |
01205nam a2200337 a 4500 |
| 001 |
000529585 |
| 003 |
CZ BrMZK |
| 005 |
20070402122153.0 |
| 007 |
ta |
| 008 |
000115s2000 xr g f cze d |
| 015 |
|
|
|a cnb000973244
|
| 020 |
|
|
|a 80-86013-98-7
|
| 035 |
|
|
|a (OCoLC)45679944
|
| 040 |
|
|
|a BOA001
|b cze
|
| 072 |
|
7 |
|a 821.162.3-3
|x Česká próza
|2 Konspekt
|9 25
|
| 080 |
|
|
|a 821.162.3-31
|2 MRF
|
| 080 |
|
|
|a (0:82-31)
|2 MRF
|
| 100 |
1 |
|
|a Boháč, Jan,
|d 1956-
|7 jo20000075397
|4 aut
|
| 245 |
1 |
0 |
|a A pak uvidíš- /
|c Jan Boháč ; [grafiky Martin Ceplecha ; doslov Tomáš Hanák]
|
| 250 |
|
|
|a Vyd. 1.
|
| 260 |
|
|
|a Praha :
|b Maťa,
|c 2000
|
| 300 |
|
|
|a 265 s. :
|b il. ;
|c 21 cm
|
| 490 |
1 |
|
|a Česká radost ;
|v sv. 16
|
| 655 |
|
7 |
|a české romány
|7 fd133974
|2 czenas
|
| 700 |
1 |
|
|a Hanák, Tomáš,
|d 1957-
|7 jn20000400887
|4 wfw
|
| 700 |
1 |
|
|a Ceplecha, Martin,
|d 1954-
|7 xx0016238
|4 ill
|
| 830 |
|
0 |
|a Česká radost
|0 s
|
| 856 |
4 |
1 |
|u http://www.digitalniknihovna.cz/mzk/uuid/uuid:8d0ae9f0-f12a-11e3-a2c6-005056827e51
|y Digitalizovaný dokument
|x NDK
|
| 910 |
|
|
|a BOA001
|b 2-1052.328
|
| 990 |
|
|
|a BK
|
| 996 |
6 |
|
|b 2610120123
|c 2-1052.328
|l MZK
|r Sklad / do 1 hodiny
|n 0
|p p.v.
|w 000529585
|u 000010
|a 1
|e BOA001
|j MZK50
|s P
|